Test na szczęśćie - nagła śmierć - Statystyki

Ogólne statystyki
  • Ten quiz został rozwiązany 946 razy
  • Średni wynik to 2 z 15
Answers on the Grid
Answers color-coded by a green-red scale on the quiz's grid according to % correct below.
Kliknij tu!
Kliknij tu!
Kliknij tu!
Kliknij tu!
Kliknij tu!
Kliknij tu!
Kliknij tu!
Kliknij tu!
Kliknij tu!
Kliknij tu!
Kliknij tu!
Kliknij tu!
Kliknij tu!
Kliknij tu!
Kliknij tu!
Kliknij tu!
Kliknij tu!
Kliknij tu!
Kliknij tu!
Kliknij tu!
Kliknij tu!
Kliknij tu!
Kliknij tu!
Kliknij tu!
Kliknij tu!
Kliknij tu!
Kliknij tu!
Kliknij tu!
Kliknij tu!
Kliknij tu!
 
Statystyki odpowiedzi
Odpowiedź % Poprawnych
Kliknij tu!
17%
Kliknij tu!
16%
Kliknij tu!
15%
Kliknij tu!
14%
Kliknij tu!
13%
Kliknij tu!
13%
Kliknij tu!
12%
Kliknij tu!
12%
Kliknij tu!
12%
Kliknij tu!
12%
Kliknij tu!
12%
Kliknij tu!
11%
Kliknij tu!
10%
Kliknij tu!
9%
Kliknij tu!
8%
Nie znaleziono quizów pasujących do podanych kryteriów
Rozkład punktacji
Procent ludzi z każdym wynikiem
Percentyl według liczby udzielonych odpowiedzi
Twoja historia wyników
Nie rozwiązałeś tego quizu